| 000 | 00361nam a2200157Ia 4500 | ||
|---|---|---|---|
| 008 | 100122s9999 xx 000 0 und d | ||
| 082 |
_b49451 _a823 |
||
| 100 | _aDICKEY FRED | ||
| 245 | _aBURIAL IN MOSCOW | ||
| 250 | _a0 | ||
| 260 |
_bGOLD EAGLE BOOK _c1988 |
||
| 300 | _a379 | ||
| 630 | _aBURIAL IN MOSCOW | ||
| 730 | _aBURIAL IN MOSCOW | ||
| 942 | _cBOOK | ||
| 999 |
_c375190 _d375187 |
||